Base Aérienne Française - Statistiques

Statistiques générales
  • Ce quiz a été pris 129 fois
  • Le résultat moyen est 11 sur 30
Statistiques - réponses
BAXXX Nom de la Base % Correct
BA125 Istres-le-Tubé
71%
BA118 Mont-de-Marsan
66%
BA115 Orange-Caritat
66%
BA701 Salon-de-Provence
66%
BA123 Orléans-Bricy
61%
BA113 Saint-Dizier Robinson
61%
BA105 Evreux-Fauville
55%
BA705 Tours
55%
BA120 Cazaux
50%
BA702 Avord
47%
BA133 Nancy Ochey
47%
BA709 Cognac-Châteaubernard
42%
BA942 Lyon-Mont Verdun
42%
BA204 Mérignac-Beauséjour
42%
BA188 Djibouti
39%
BA721 Rochefort
37%
BA126 Solenzara
37%
BA107 Villacoublay
37%
BA116 Luxeuil-Saint Sauveur
34%
BA110 Creil
26%
BA749 Grenoble-Montbonnot
24%
BA181 La Réunion
21%
BA722 Saintes-Thénac
21%
BA367 Cayenne-Rochambeau
18%
BA273 Romorantin-Pruniers
16%
BA186 Nouméa-La Tontouta
13%
BA278 Ambérieu-en-Bugey
11%
BA104 Al Dhafra
11%
BAP101 Niammey
11%
BA921 Taverny
5%
Aucun quiz correspondant
Distribution des résultats
% des personnes avec chaque résultat
Percentile par nombre de réponses
Votre historique - résultats
Vous n’avez pas pris ce quiz